000 00907nam a22003017a 4500
003 CHAP
005 20220817041823.0
008 971013s1955 r 00010 d
010 _a25549
011 _a26521
035 _a30622
040 _cCHAP
082 _a338.9
_bB8
100 0 0 _aBuchanan, Norman S.
_915869
245 _aApproaches to economic development
260 _aNew York :
_bThe Twentith Century Fund,
_c1955
300 _a494 p.
590 _aBATCH-UPD
_b10
_c20130110
_lUCH01
_h0202
590 _aBATCH-UPD
_b10
_c20130110
_lUCH01
_h1025
590 _aBATCH-UPD
_b10
_c20130409
_lUCH01
_h2211
590 _aBATCH-UPD
_b10
_c20130914
_lUCH01
_h0753
590 _aCONVERSION
_b10
_c20130109
_lUCH01
_h1315
650 1 4 _aDesarrollo económico.
700 0 _aEllis, Howard S.
_936387
901 _aBK
942 _cLIBRO
949 _a338.9 B8
_bBC
_cLIBRO
_d33724000416707
_eLIBRO
_h26634
_i30622
_si
999 _c25549
_d25549